Normal view
MARC view
- Wratsongko, Madyo
Entry Personal Name
001 - CONTROL NUMBER
- control field: 5690
003 - CONTROL NUMBER IDENTIFIER
- control field: OSt
005 - DATE AND TIME OF LATEST TRANSACTION
- control field: 20170517153736.0
008 - FIXED-LENGTH DATA ELEMENTS
- fixed length control field: 170517|| aca||aabn | a|a d
040 ## - CATALOGING SOURCE
- Original cataloging agency: OSt
- Transcribing agency: OSt
100 ## - HEADING--PERSONAL NAME
- Personal name: Wratsongko, Madyo
670 ## - SOURCE DATA FOUND
- Source citation: Work cat.: (OSt)0: Wratsongko, Madyo, Penjagaan kesihatan di usia emas /, [200?]

PORTAL AKMAL
E-MEL JKDM
AKMAL2U
G-BAM
u-PUSTAKA